| 000 | 00548nam a22001937a 4500 | ||
|---|---|---|---|
| 003 | KOHA_MİRAKIL | ||
| 005 | 20251116160735.0 | ||
| 008 | 251116b tu ||||| |||| 00| 0 tur d | ||
| 020 | _a9786052900079 | ||
| 040 |
_aTR-AnABB _btur _cTR-AnABB |
||
| 041 | _atur | ||
| 082 |
_a813.42 _bKAR 2017 |
||
| 100 | 1 | _aKaracan, Ahmet, | |
| 245 | 1 | 0 |
_aLiman şehrinin uzun hikayesi / _cAhmet Karacan |
| 260 |
_aİstanbul : _bMetamorfoz Yayıncılık, _c2017 |
||
| 300 |
_a342 sayfa ; _c21 cm |
||
| 650 | 0 | 4 | _aTürk edebiyatı, roman |
| 942 |
_2ddc _cBK |
||
| 999 |
_c9450 _d9450 |
||
| 900 | _bGizem YORULMAZ | ||